| 000 | 00362pab a2200145 454500 | ||
|---|---|---|---|
| 008 | 180718b1985 xxu||||| |||| 00| 0 eng d | ||
| 100 | _aBhatnagar, S.K. | ||
| 245 | _aFifth Generation computers - advent of a new era in technology | ||
| 260 | _c1985 | ||
| 300 | _a19-28 | ||
| 362 | _aApr. | ||
| 650 | _aComputers | ||
| 773 | _aDefence Management | ||
| 909 | _a6296 | ||
| 999 |
_c6296 _d6296 |
||